Kỹ thuật đo lường kiểm tra trong chế tạo cơ khí

Cuốn sách trình bày các vấn đề cơ bản nhất của kỹ thuật đo, phương pháp đo để xác định thông số hình học trong các chi tiết cơ khí.

Đã lưu trong:
書目詳細資料
主要作者: Nguyễn, Tiến Thọ
格式: 圖書
語言:Undetermined
出版: Hà Nội Khoa học và Kỹ thuật 2007
主題:
標簽: 添加標簽
沒有標簽, 成為第一個標記此記錄!
Thư viện lưu trữ: Trung tâm Học liệu Trường Đại học Cần Thơ
LEADER 00932nam a2200205Ia 4500
001 CTU_135714
008 210402s9999 xx 000 0 und d
020 |c 35000 
082 |a 620.110287 
082 |b Th400 
100 |a Nguyễn, Tiến Thọ 
245 0 |a Kỹ thuật đo lường kiểm tra trong chế tạo cơ khí 
245 0 |c Nguyễn Tiến Thọ, Nguyễn Xuân Bảy, Nguyến Thị Cẩm 
260 |a Hà Nội 
260 |b Khoa học và Kỹ thuật 
260 |c 2007 
520 |a Cuốn sách trình bày các vấn đề cơ bản nhất của kỹ thuật đo, phương pháp đo để xác định thông số hình học trong các chi tiết cơ khí. 
650 |a Mechanical engineering,Công nghệ cơ khí 
650 |x Quality control,Kỹ thuật đo lường 
980 |a Trung tâm Học liệu Trường Đại học Cần Thơ